Dynamic economic models in discrete time theory and empirical applications /

Bibliographic Details
Main Author: Ferguson, Brian S.
Corporate Author: ProQuest (Firm)
Other Authors: Lim, G. C.
Format: Electronic eBook
Language:English
Published: London ; New York : Routledge, 2003.
Subjects:
Online Access:Click to View
LEADER 01384nam a22003734a 4500
001 EBC241829
003 MiAaPQ
005 20200520144314.0
006 m o d |
007 cr cn|||||||||
008 030121s2003 enk sb 001 0 eng
010 |z  2003041386 
020 |z 0415288991 
035 |a (MiAaPQ)EBC241829 
035 |a (Au-PeEL)EBL241829 
035 |a (CaPaEBR)ebr10096959 
035 |a (CaONFJC)MIL14680 
035 |a (OCoLC)935227526 
040 |a MiAaPQ  |c MiAaPQ  |d MiAaPQ 
050 4 |a HB141  |b .F468 2003 
082 0 4 |a 330/.01/183  |2 21 
100 1 |a Ferguson, Brian S. 
245 1 0 |a Dynamic economic models in discrete time  |h [electronic resource] :  |b theory and empirical applications /  |c Brian S. Ferguson and G.C. Lim. 
260 |a London ;  |a New York :  |b Routledge,  |c 2003. 
300 |a 167 p. 
504 |a Includes bibliographical references (p. [160]-163) and index. 
533 |a Electronic reproduction. Ann Arbor, MI : ProQuest, 2015. Available via World Wide Web. Access may be limited to ProQuest affiliated libraries. 
650 0 |a Econometric models. 
650 0 |a Statics and dynamics (Social sciences) 
650 0 |a Discrete-time systems. 
655 4 |a Electronic books. 
700 1 |a Lim, G. C.  |q (Guay C.) 
710 2 |a ProQuest (Firm) 
856 4 0 |u https://ebookcentral.proquest.com/lib/matrademy/detail.action?docID=241829  |z Click to View